Düşünce tarihi (Record no. 51)
[ view plain ]
| 000 -BAŞLIK | |
|---|---|
| Sabit Uzunlukta Kontrol Alanı | 01007na a2200289 4500 |
| 001 - KONTROL NUMARASI | |
| Denetim Alanı | 12574 |
| 003 - KONTROL NUMARASI IDENTIFIER | |
| Denetim Alanı | MIRAKIL |
| 005 - SON İŞLEM TARİHİ VE ZAMANI | |
| Denetim Alanı | 20181213154731.0 |
| 008 - SABİT-BOY VERİ ELEMANLARI - GENEL BİLGİLER | |
| Sabit Uzunlukta Kontrol Alanı | 160809b tu 000 0 |
| 020 ## - ULUSLARARASI STANDART KİTAP NUMARASI | |
| Uluslararası Standart Kitap Numarası | 9758295365 |
| 035 ## - SİSTEM KONTROL NUMARASI | |
| Sistem Kontrol Numarası | 12574 |
| 040 ## - KATALOGLAMA KAYNAK | |
| Orijinal Kataloglama Ajansı | Milas |
| Kataloglama Dili | tur |
| Metne Dönüştürmek Ajansı | TR-AnCHP |
| 082 ## - DEWEY ONLU SINIFLANDIRMA NUMARASI | |
| Sınıflandırma Numarası | 109 |
| Ürün Numarası | T55d 2000 |
| 090 ## - SINIFLAMA NUMARASI | |
| Sınıflama Numarası | 109 T55d 2000 |
| 100 ## - ANA GİRİŞ - KİŞİSEL İSİM | |
| Kişisel Ad | Timuçin, Afşar |
| 245 ## - BAŞLIK TABLOSU | |
| Başlık | Düşünce tarihi |
| Sorumluluk Tablosu, Vb | Afşar Timuçin |
| 246 ## - UNVAN FORM VARYING | |
| Başlık Doğru / Kısa Başlığı | Gerçekçi düşüncenin çağdaş görünümü (XIX. ve XX. yüzyıllar) |
| 246 ## - UNVAN FORM VARYING | |
| Başlık Doğru / Kısa Başlığı | Gerçekçi düşüncenin gelişimi (rönesans'dan XIX. yüzyıla) |
| 246 ## - UNVAN FORM VARYING | |
| Başlık Doğru / Kısa Başlığı | Gerçekçi düşüncenin tarihi (tarihöncesi'nden rönesans'a) |
| 250 ## - EDITION TABLOSU | |
| Baskı Beyanı | gnşl. 3. bs. |
| 260 ## - YAYIN, DAĞITIM, VB | |
| Yayın, Dağıtım, Vb Yeri | İstanbul |
| Yayıncı, Dağıtıcı, Vs Adı | Bulut yayınları |
| Yayın, Dağıtım, Vb Tarihi | 2000 |
| 300 ## - FİZİKSEL TANIM | |
| Kapsam | 3 c. |
| Boyutlar | 21 sm. |
| 500 ## - GENEL NOT | |
| Genel Not | Dizin var. |
| 505 ## - BİÇİMLENDİRİLDİ İÇİNDEKİLER NOT | |
| Biçimlendirilmiş İçeriği Dikkat | c.1: Gerçekçi düşüncenin kaynakları. -- c.2 :Gerçekçi düşüncenin gelişimi -- c.3: Gerçekçi düşüncenin çağdaş görünümü. |
| 650 ## - KONU KATMA GİRİŞ - TOPİKAL DÖNEM | |
| Topikal Süreli Veya Coğrafi Ad Giriş Elemanı | Felsefe |
| Genel Alt Bölümü | Tarih |
| 942 ## - EKLENDİ GİRİŞ ELEMANLARI (KOHA) | |
| Sınıflandırma Veya Raf Düzeni Kaynak | |
| Koha Öğesi Türü | Books |
| 999 ## - SİSTEM KONTROL NUMARALARI (KOHA) | |
| Koha Biblionumber | 51 |
| Koha Biblioitemnumber | 51 |
| Kalıcı Konum | Mevcut Konum | Edinme Tarihi | Edinim Kaynak | Toplam Check-Out'Lar | Tam Çağrı Numarası | Barkod | Tarih Son Görülme | İtibaren Geçerli Fiyatlar | Koha Öğesi Türü | Seri Numaralandırma / Kronolojik |
|---|---|---|---|---|---|---|---|---|---|---|
| CHP Kütüphanesi | CHP Kütüphanesi | 07/26/2016 | Bağış | 109 T55d 2000 | 000113 | 07/26/2016 | 07/26/2016 | Books | ||
| CHP Kütüphanesi | CHP Kütüphanesi | 08/09/2016 | Bağış | 109 T55d 2000 | 000114 | 08/09/2016 | 08/09/2016 | Books | ||
| CHP Kütüphanesi | CHP Kütüphanesi | 08/09/2016 | Bağış | 109 T55d 2000 | 000115 | 08/09/2016 | 08/09/2016 | Books | c.2 |
